Systém zabezpečenia a riadenia kvality na školách na Slovenku pokračovanie

Bibliographic Details
Main Author: Horváth, Kinga (pedagogička) (Author)
Format: Article
Language:Slovak
PhysicalDescription:Sch.
ISSN:1335-003X
Subjects:

MARC

LEADER 00000nab a2200000 a 4500
001 vtls008946380
003 SK-MaSNL
005 20260426100948.0
008 250505c2006 xo mr|p|||an |000 b|slo
015 |a SNBRB2007/02 
035 |a (uuid)7feb046c-e840-4ad4-9f21-466733dc8185 
035 |a urn:nbn:sk:snk-ab9tcl 
035 |a (urnnbn)urn:nbn:sk:snk:ar-a08s5n 
038 |a SPK 
040 |a SNKBUCL  |b slo  |c SNKBUCL  |e AACR2 
041 0 |a slo  |b eng 
044 |a xo  |c SK 
072 7 |a 37  |x Výchova a vzdelávanie  |2 konspekt 
080 |a 65.018:37  |x (437.6)  |2 1997 
080 |a 37  |2 1997 
100 1 |a Horváth, Kinga  |c (pedagogička)  |4 aut  |9 19633 
245 1 0 |a Systém zabezpečenia a riadenia kvality na školách na Slovenku  |b pokračovanie 
246 3 1 |a The system of responsibility and quality management of the school system in the Slovakia 
300 |b Sch. 
504 |a Bibliogr. odkazy 
546 |a Res. angl. 
546 |a Súbežný názov v angličtine 
650 0 7 |a kvalita vzdelania  |2 snkbucl  |9 1040786 
650 0 7 |a školstvo  |2 snkbucl  |9 19712 
651 7 |a Slovensko  |2 snkbucl  |9 14231 
773 0 |t Technológia vzdelávania  |g Roč. XIV., č. 7 (2006), s. 6-9  |x 1335-003X 
850 |a Slovenská národná knižnica 
852 |a Slovenská národná knižnica 
954 |a odborná, vedecká literatúra pôvodná (slovenská)  |2 lita 
958 |a article13 
958 |a NB  |2 spk 
958 |a OND 
958 |a EUIPO 
999 |c 3213636  |d 3215566